Statistics for Groups in the Rock and Roll Hall of Fame

Click here to take the quiz!

General Stats

  • This quiz has been taken 703 times
    (686 since last reset)
  • The average score is 49 of 126

Answer Stats

yeargroup / duo% Correct
1988The Beatles
97%
1989The Rolling Stones
90%
2014Nirvana
84%
1995Led Zeppelin
80%
2009Metallica
79%
2003AC/DC
78%
2001Queen
74%
2006Black Sabbath
73%
2001Aerosmith
69%
1990The Who
69%
1996Pink Floyd
68%
2012Guns N' Roses
66%
1988The Beach Boys
64%
1998Eagles
63%
1993The Doors
62%
2005U2
62%
2010ABBA
61%
2014KISS
61%
1990Simon & Garfunkel
60%
2003The Clash
60%
2003The Police
59%
2015Green Day
58%
1997The Jackson 5
58%
1993Cream
57%
1998Fleetwood Mac
57%
2002The Ramones
57%
2006Sex Pistols
56%
2016Deep Purple
55%
2006Lynyrd Skynyrd
55%
1990The Kinks
55%
2017Pearl Jam
54%
2004ZZ Top
54%
2018Bon Jovi
53%
2012Red Hot Chili Peppers
53%
2007Van Halen
53%
1997Bee Gees
52%
2010Genesis
52%
2021Foo Fighters
51%
1988The Supremes
51%
1993Creedence Clearwater
Revival
49%
2019Def Leppard
48%
2006Blondie
47%
1994The Animals
47%
2007REM
46%
1992The Jimi Hendrix
Experience
46%
2012Beastie Boys
45%
1996The Velvet Underground
45%
2013Rush
44%
1989The Temptations
44%
2016Chicago
43%
2017Journey
43%
2022Duran Duran
42%
2013Heart
42%
2019Radiohead
42%
2019The Cure
42%
2017Yes
42%
1997Crosby, Stills & Nash
41%
1991The Byrds
41%
1998The Mamas & the Papas
41%
2017Electric Light Orchestra
40%
2014Hall & Oates
40%
1996Jefferson Airplane
39%
2000Earth, Wind & Fire
38%
1990Four Tops
38%
1994Grateful Dead
38%
2009Run-DMC
38%
1992The Yardbirds
38%
2018Dire Straits
37%
1994The Band
36%
2018The Cars
36%
2002Tom Petty and the
Heartbreakers
36%
1998Santana
35%
1995The Allman Brothers Band
35%
1986The Everly Brothers
35%
2002Talking Heads
33%
2020Depeche Mode
32%
2016NWA
32%
2020The Doobie Brothers
32%
1990The Four Seasons
31%
2022Eurythmics
30%
2005Pretenders
30%
2001Steely Dan
29%
2015Joan Jett & the Blackhearts
28%
2007The Ronettes
28%
2020Nine Inch Nails
27%
2010The Hollies
27%
2003The Righteous Brothers
25%
1991Ike & Tina Turner
24%
2013Public Enemy
24%
1997Buffalo Springfield
23%
1993Sly & the Family Stone
23%
2018The Moody Blues
23%
2010The Stooges
23%
2019The Zombies
23%
2021The Go-Go's
22%
2016Cheap Trick
21%
1995Martha and the Vandellas
21%
1988The Drifters
21%
1992The Isley Brothers
21%
2020T Rex
21%
1996Gladys Knight & the Pips
20%
1997Parliament-Funkadelic
20%
2012The Small Faces
20%
2019Roxy Music
19%
1996The Shirelles
19%
2007Grandmaster Flash
and The Furious Five
18%
2008The Dave Clark Five
18%
2005The O'Jays
18%
1990The Platters
18%
2004Traffic
17%
2003Elvis Costello
& the Attractions
15%
2000The Lovin' Spoonful
15%
1987The Coasters
14%
1992Booker T & the MG's
11%
1992Sam & Dave
11%
2004The Dells
11%
2001The Flamingos
11%
2015Stevie Ray Vaughan &
Double Trouble
10%
1991The Impressions
10%
1997The Rascals
10%
1999The Staple Singers
10%
2008The Ventures
10%
1993Frankie Lymon
& The Teenagers
9%
2009Little Anthony
& The Imperials
8%
2000The Moonglows
8%
2015The Paul Butterfield
Blues Band
8%

Score Distribution

Percentile by Number Answered

Percent of People with Each Score

Your Score History

You have not taken this quiz since the last reset